000 00659nam a2200277Ia 4500
005 20260324122239.0
008 008 260324s9999 xx 000 0 eng d
020 _a9780429192326
037 _aEBOOK
040 _aCRL
040 _beng
040 _cCRL
041 _2eng
041 _aeng
084 _qCRL
100 _aZhi Yuan Wang
_91165703
245 0 _aNear-Infrared Organic Materials and Emerging Applications
260 _bTaylor and Francis
260 _c2013
365 _a
365 _b385
856 _uhttp://www.taylorfrancis.com/books/9780429192326
942 _cEBOOK
999 _c1758292
_d1758292